000 00239nam a2200097Ia 4500
001 691048
005 20250826161827.0
008 250824s9999 xx 000 0 und d
245 0 _aSavaşçı
_cDOĞAN CÜCELOĞLU
260 _bREMZİ KİTABEVİ
999 _c691048
_d691048